Guess the Mario Kart Logo - Statistics

General Stats
  • This quiz has been taken 30 times
  • The average score is 6 of 10
Answer Stats
Picture Answer % Correct
Mario Kart 8
88%
Mario Kart 64
76%
Mario Kart Wii
76%
Mario Kart DS
72%
Mario Kart 7
68%
Mario Kart 8 Deluxe
60%
Mario Kart Double Dash
60%
Mario Kart Tour
44%
Super Mario Kart
44%
Mario Kart Super Circuit
36%
No matching quizzes found
Score Distribution
Percent of People with Each Score
Percentile by Number Answered
Your Score History
You have not taken this quiz